| 000 | 00593nam a22001937a 4500 | ||
|---|---|---|---|
| 005 | 20251108174941.0 | ||
| 008 | 250721s2008 xx 000 0 ara d | ||
| 082 | 1 | 4 | _aط/808.83/عيد |
| 100 | 1 | _aعيد، حسين | |
| 245 | 1 | 0 | _aروائع الأدب العالمي في كبسولة / |
| 264 | 1 |
_aالقاهرة : _bمكتبة الدار العربية، _c2008. |
|
| 300 | _a208ص. | ||
| 490 | 0 |
_aللناشئين والشباب _v8 |
|
| 650 | 1 | 7 | _aالأدب |
| 650 | 1 | 7 | _aالروايات |
| 653 | _aناشئون صغار (10-14)سنة | ||
| 942 |
_2ddc _cBK |
||
| 999 |
_c122321 _d122321 |
||